S jasným stanoviskom k súčasnosti pred sezónou v prešovskom Divadle J. Záborského

Bibliographic Details
Main Author: M. G. (Author)
Format: Article
Language:Slovak
Subjects:

MARC

LEADER 00000nab a2200000 ar4500
001 vtls009149628
003 SK-MaSNL
005 20260303200603.0
008 071015c19760814xo |r|p|||||||000 b|slo
015 |a SNBRB2007/10  |2 snkbucl 
038 |a SNKBUCL 
040 |a SNKBUCL  |b slo  |c SNKBUCL  |e AACR2 
041 |a slo 
044 |a xo  |c SK 
080 |a 792.2  |2 1997 
100 0 |a M. G.  |4 aut  |9 575045 
245 1 0 |a S jasným stanoviskom k súčasnosti  |b pred sezónou v prešovskom Divadle J. Záborského  |c [autor] M. G. 
610 2 7 |a Divadlo Jonáša Záborského  |2 snkbucl  |9 29722 
773 0 |t Práca  |g (14.8.1976), s. 6 
852 |a SNK  |b KIS3GCP 
958 |a SK 
999 |c 2168721  |d 2170651